Kamus peribahasa melayu

Bibliographic Details
Main Author: Munir Ali
Format: Book
Published: Selangor : Percetakan sermajusdn.bhd , 2005
Subjects:

MARC

LEADER 00000cam a2200000 7i4500
001 0000004639
005 20151222.0
008 070730
020 |a 967935427X 
090 0 0 |a DIC   |b MAL (5363) 
100 0 |a Munir Ali 
245 1 0 |a Kamus peribahasa melayu   |c Munir Ali 
260 |a Selangor :   |b Percetakan sermajusdn.bhd ,   |c 2005 
300 |a Jilid II 
500 |a Children ages 7-9 years old (orange) 
650 0 |a Dictionary   |x Proverbs 
999 |a 0000904962   |b Book   |c REFERENCE   |e Cawangan Bandar Tenggara 
999 |a 0000904963   |b Book   |c REFERENCE   |e Cawangan Bandar Tenggara 
999 |a 0000904964   |b Book   |c REFERENCE   |e Cawangan Bandar Tenggara 
999 |a 0000904965   |b Book   |c REFERENCE   |e Cawangan Bandar Tenggara 
999 |a 0000978549   |b Book   |c REFERENCE   |e Cawangan Kota Tinggi 
999 |a 0000978551   |b Book   |c REFERENCE   |e Cawangan Pontian 
999 |a 0000978552   |b Book   |c REFERENCE   |e Perbadanan Perpustakaan Awam Johor 
999 |a 0000978553   |b Book   |c REFERENCE   |e Cawangan Muar 
999 |a 0001149360   |b Book   |c Children Collection   |e Cawangan Bandar Penawar 
999 |a 0001149361   |b Book   |c Children Collection   |e Cawangan Bandar Penawar 
999 |a 0001149362   |b Book   |c REFERENCE   |e Cawangan Tangkak